| 000 | 00713nam a2200217 a 4500 | ||
|---|---|---|---|
| 005 | 20251111063903.0 | ||
| 008 | 991125s1987 mx 000 0 spa u | ||
| 020 | _a8420515205 | ||
| 035 | _aUPN01000012109 | ||
| 049 | _aCG | ||
| 050 | 4 |
_aPN1701 _bC74 |
|
| 245 | 0 | 0 |
_aCreatividad teatral / _cRosa Pereta Salvía... [et al.] ; colab. Francisco Antón García |
| 260 |
_aMéxico : _bAlhambra, _c1987. |
||
| 300 | _a109 p. | ||
| 440 | 0 |
_aBiblioteca de recursos didácticos Alhambra; _v11 |
|
| 650 | 2 |
_aCreación (literaria, artística, etc.) _95738 |
|
| 650 | 4 |
_aTeatro _xEstudio y enseñanza _917549 |
|
| 700 | 2 |
_aPereta Salvía, Rosa, _ecoaut. |
|
| 700 | 2 |
_aGarcía, Francisco Antón, _ecolab. |
|
| 905 | _aLibro | ||
| 999 |
_c12109 _d12109 |
||